Municípios da Região Central do Estado de São Paulo em um Mapa - Statistics

Estatísticas Gerais
  • Esse quiz foi jogado 88 vezes
  • A pontuação média é 9 de 26
Respostas no mapa
Respostas codificadas por cores de uma escala verde-vermelha no mapa do quiz de acordo com a % correta abaixo.
 
Estatísticas das Respostas
Resposta % Correto
Araraquara
98%
São Carlos
87%
Matão
53%
Américo Brasiliense
43%
Descalvado
38%
Boa Esperança do Sul
34%
Gavião Peixoto
34%
Santa Lúcia
34%
Nova Europa
32%
Ibitinga
30%
Porto Ferreira
30%
Ribeirão Bonito
30%
Santa Rita do Passa Quatro
30%
Taquaritinga
30%
Ibaté
28%
Itápolis
28%
Rincão
28%
Santa Ernestina
28%
Borborema
26%
Dourado
26%
Dobrada
23%
Motuca
23%
Trabiju
23%
Tabatinga
19%
Cândido Rodrigues
17%
Fernando Prestes
17%
Nenhum quiz correspondente encontrado
Distribuição das Pontuações
Porcentagem de Pessoas com Cada Pontuação
Percentil de Números Respondidos
Sua Pontuação Histórica
Você não jogou esse quiz